000 00503nam a2200193 a 4500
001 1769854927594
003 YourLibrary
005 20260131162125.0
008 260131s1999##################000#0#eng##
020 _a9781579580889
082 0 4 _a330.947086
_bHEE
100 1 _aHeenan, Patrick,
_eauthor.
245 1 0 _aThe CIS Handbook :
260 _bTaylor & Francis,
_c1999.
300 _a308 pages
650 0 _aBusiness & Economics.
942 _cENGLISH
040 _aYourLibrary
_beng
_cYourLibrary
999 _c609567
_d609567